[Event "Tula CC-ch"]
[Site "Tula"]
[Date "2007.12.25"]
[Round "8"]
[White "Andrianov, Vyacheslav"]
[Black "Zhukov, Vladimir"]
[Result "1/2-1/2"]
[WhiteElo "2165"]
[BlackElo "1941"]
[PlyCount "41"]
[EventDate "2007.12.08"]
[EventType "swiss"]
[EventRounds "9"]
[EventCountry "RUS"]
[SourceTitle "CBM 122 Extra"]
[Source "ChessBase"]
[SourceDate "2008.03.04"]
[SourceVersion "1"]
[SourceVersionDate "2008.03.04"]
[SourceQuality "1"]

1. d4 e6 2. c4 d5 3. Nf3 Nf6 4. Bg5 Be7 5. e3 c5 6. Nc3 Nc6 7. dxc5 Qa5 8. Nd2 dxc4 9. Bxc4 Qxc5 10. Bxf6 Bxf6 11. Nce4 Qe7 12. 0-0 0-0 13. Qc2 Bd7 14. Nf3 Rac8 15. Qe2 Ne5 16. Nxf6+ Qxf6 17. Nxe5 Qxe5 18. Rac1 Bc6 19. f4 Qa5 20. a3 Rfd8 21. Rc3 1/2-1/2

[Event "Tula CC-ch"]
[Site "Tula"]
[Date "2007.12.11"]
[Round "2"]
[White "Kosolapov, Petr"]
[Black "Zhukov, Vladimir"]
[Result "1-0"]
[WhiteElo "1989"]
[BlackElo "1941"]
[PlyCount "40"]
[EventDate "2007.12.08"]
[EventType "swiss"]
[EventRounds "9"]
[EventCountry "RUS"]
[SourceTitle "CBM 122 Extra"]
[Source "ChessBase"]
[SourceDate "2008.03.04"]
[SourceVersion "1"]
[SourceVersionDate "2008.03.04"]
[SourceQuality "1"]

1. e4 e6 2. d4 d5 3. exd5 exd5 4. Bd3 c5 5. dxc5 Nc6 6. h3 Bxc5 7. Nf3 Nf6 8. 0-0 0-0 9. Bg5 Qd6 10. Nc3 a6 11. Rb1 Ne7 12. Qd2 Rd8 13. Bf4 Qb6 14. Na4 Qa7 15. Qc3 Bd6 16. Be3 Qb8 17. Nb6 Bf5 18. Nxa8 Qxa8 19. Nd4 Bxd3 20. Qxd3 Qc8 1-0

[Event "Tula Sinitsin Memorial"]
[Site "Tula "]
[Date "2007.04.22"]
[Round "11"]
[White "Zhukov, Vladimir"]
[Black "Zerzhalova, Svetlana"]
[Result "0-1"]
[WhiteElo "1948"]
[BlackElo "1953"]
[PlyCount "64"]
[EventDate "2007.04.06"]
[EventType "tourn"]
[EventRounds "13"]
[EventCountry "RUS"]
[SourceTitle "EXT 2008"]
[Source "ChessBase"]
[SourceDate "2007.11.25"]
[SourceVersion "1"]
[SourceVersionDate "2007.11.25"]
[SourceQuality "1"]

1. d4 e6 2. c4 f5 3. Nc3 Nf6 4. f3 Bb4 5. Bd2 0-0 6. a3 Be7 7. e3 b6 8. Bd3 Bb7 9. Nge2 a6 10. Qc2 Nc6 11. e4 g6 12. e5 Nh5 13. 0-0-0 Rc8 14. f4 Rf7 15. Rhg1 Na7 16. g4 Ng7 17. gxf5 exf5 18. Be3 c5 19. d5 Qe8 20. Bf2 b5 21. d6 Bd8 22. Qb3 Qe6 23. Kb1 Nc6 24. Qa2 b4 25. Na4 Na5 26. Nxc5 Rxc5 27. Bxc5 b3 28. Qa1 Nxc4 29. Nd4 Qd5 30. Nxb3 Ne3 31. Bc2 Nxd1 32. Rxd1 Qf3 0-1

[Event "Tula Suetin Memorial op"]
[Site "Tula"]
[Date "2006.11.26"]
[Round "6"]
[White "Chuzhakin, Evgeny"]
[Black "Zhukov, Vladimir"]
[Result "1-0"]
[WhiteElo "2215"]
[BlackElo "2270"]
[PlyCount "57"]
[EventDate "2006.11.21"]
[EventType "swiss"]
[EventRounds "9"]
[EventCountry "RUS"]
[SourceTitle "EXT 2010"]
[Source "ChessBase"]
[SourceDate "2010.11.25"]
[SourceVersion "1"]
[SourceVersionDate "2010.11.25"]
[SourceQuality "1"]

1. e4 e6 2. d4 d5 3. e5 c5 4. c3 Qb6 5. Nf3 Bd7 6. Bd3 Bb5 7. 0-0 Bxd3 8. Qxd3 cxd4 9. cxd4 Nc6 10. b3 a5 11. Nc3 Nge7 12. Nb5 Ng6 13. Bg5 h6 14. Be3 Be7 15. g3 0-0 16. h4 f5 17. h5 Nh8 18. a4 Nb4 19. Qd2 Rac8 20. Rac1 Nf7 21. Nh4 Bg5 22. Ng6 Bxe3 23. fxe3 Rxc1 24. Rxc1 Ng5 25. Nxf8 Nf3+ 26. Kg2 Nxd2 27. Rc8 Qc6 28. Rb8 Kf7 29. Ng6 1-0

[Event "Tula Suetin Memorial op"]
[Site "Tula"]
[Date "2006.11.25"]
[Round "5"]
[White "Zhukov, Vladimir"]
[Black "Kobzev, Dmitri"]
[Result "1-0"]
[WhiteElo "2270"]
[BlackElo "2094"]
[PlyCount "75"]
[EventDate "2006.11.21"]
[EventType "swiss"]
[EventRounds "9"]
[EventCountry "RUS"]
[SourceTitle "EXT 2010"]
[Source "ChessBase"]
[SourceDate "2010.11.25"]
[SourceVersion "1"]
[SourceVersionDate "2010.11.25"]
[SourceQuality "1"]

1. d4 f5 2. g3 d5 3. Bg2 e6 4. c4 c6 5. cxd5 cxd5 6. Nf3 Nf6 7. Nc3 Bd6 8. 0-0 0-0 9. Nb5 Nc6 10. Nxd6 Qxd6 11. Bf4 Qe7 12. Ne5 Bd7 13. a3 Be8 14. Rc1 h6 15. Qd2 g5 16. Nxc6 Bxc6 17. Be5 Ng4 18. f4 Nxe5 19. fxe5 Rf7 20. e3 Rh7 21. Qc2 g4 22. Qc5 Qg5 23. Rf4 h5 24. b4 a6 25. Qb6 Re8 26. Rxc6 bxc6 27. Qxc6 Qd8 28. Qxa6 Qa8 29. Bf1 Ra7 30. Qd6 Rxa3 31. Rxf5 Qb8 32. Rg5+ Kf7 33. b5 Re7 34. Rg7+ Kxg7 35. Qxe7+ Kg8 36. Qxe6+ Kf8 37. Qf6+ Ke8 38. Qh8+ 1-0

[Event "Tula Suetin Memorial op"]
[Site "Tula"]
[Date "2006.11.23"]
[Round "3"]
[White "Zherzalova, Svetlana"]
[Black "Zhukov, Vladimir"]
[Result "0-1"]
[WhiteElo "1997"]
[BlackElo "2270"]
[PlyCount "68"]
[EventDate "2006.11.21"]
[EventType "swiss"]
[EventRounds "9"]
[EventCountry "RUS"]
[SourceTitle "EXT 2010"]
[Source "ChessBase"]
[SourceDate "2010.11.25"]
[SourceVersion "1"]
[SourceVersionDate "2010.11.25"]
[SourceQuality "1"]

1. e4 e6 2. Nf3 d5 3. e5 c5 4. d4 cxd4 5. Bb5+ Bd7 6. Bxd7+ Nxd7 7. Qxd4 Qb6 8. Qh4 Qb4+ 9. Qxb4 Bxb4+ 10. c3 Ba5 11. Be3 Bc7 12. Bd4 Ne7 13. Kd2 Nc6 14. Re1 Nxd4 15. cxd4 Nb6 16. b3 Nd7 17. Kd3 0-0 18. Nbd2 Ba5 19. Rec1 Rfc8 20. a3 Rc6 21. b4 Bd8 22. b5 Rcc8 23. Nb3 a6 24. bxa6 bxa6 25. Nc5 Nxc5+ 26. dxc5 Rab8 27. Nd4 Rb2 28. c6 Rxf2 29. Rab1 Bc7 30. Rb7 Bxe5 31. c7 Bxc7 32. Rbxc7 Rxc7 33. Rxc7 g5 34. Rc2 Rf1 0-1

[Event "Tula CC-ch"]
[Site "Tula"]
[Date "2005.10.22"]
[Round "8"]
[White "Gorbunov, Oleg"]
[Black "Zhukov, Vladimir"]
[Result "0-1"]
[WhiteElo "2180"]
[BlackElo "2270"]
[PlyCount "50"]
[EventDate "2005.10.15"]
[EventType "swiss"]
[EventRounds "9"]
[EventCountry "RUS"]
[SourceTitle "EXT 2006"]
[Source "ChessBase"]
[SourceDate "2005.11.24"]
[SourceVersion "1"]
[SourceVersionDate "2005.11.24"]
[SourceQuality "1"]

1. d4 Nf6 2. Bg5 c5 3. Bxf6 gxf6 4. c3 cxd4 5. cxd4 d5 6. Nc3 Nc6 7. g3 e6 8. e3 Qb6 9. b3 Bb4 10. Nge2 Qa5 11. Qd2 b6 12. Rc1 Ba6 13. Nf4 Bxf1 14. Kxf1 Rc8 15. Nd3 Nxd4 16. Nxb4 Nf3 17. Qd3 Qxb4 18. Kg2 Ne5 19. Nxd5 Rxc1 20. Rxc1 Nxd3 21. Nxb4 Nxc1 22. Nc6 a5 23. b4 a4 24. a3 Kd7 25. Nd4 Rc8 0-1

[Event "Tula CC-ch"]
[Site "Tula"]
[Date "2005.10.18"]
[Round "4"]
[White "Zhukov, Vladimir"]
[Black "Shishkin, Pavel"]
[Result "0-1"]
[WhiteElo "2270"]
[BlackElo "2193"]
[PlyCount "88"]
[EventDate "2005.10.15"]
[EventType "swiss"]
[EventRounds "9"]
[EventCountry "RUS"]
[SourceTitle "EXT 2006"]
[Source "ChessBase"]
[SourceDate "2005.11.24"]
[SourceVersion "1"]
[SourceVersionDate "2005.11.24"]
[SourceQuality "1"]

1. d4 e6 2. c4 b6 3. Nf3 Bb7 4. e3 Nf6 5. Nc3 d5 6. cxd5 exd5 7. Be2 Bd6 8. h3 0-0 9. 0-0 a6 10. Qc2 Nbd7 11. a3 c5 12. b3 Qe7 13. Bb2 Rac8 14. a4 Ne4 15. Bd3 Ndf6 16. Qe2 cxd4 17. Na2 Nc3 18. Bxc3 dxc3 19. Rac1 Ne4 20. Bxa6 Bxa6 21. Qxa6 Qf6 22. Rc2 h5 23. Qd3 Rfd8 24. Rfc1 Ba3 25. Rd1 Bb2 26. Qd4 Qf5 27. Qd3 g5 28. Nd4 Qf6 29. f3 Nc5 30. Qe2 Ne6 31. Rd3 Re8 32. Qf2 Nc5 33. Rd1 Nd7 34. Rd3 Ne5 35. Rd1 Re7 36. Nb5 Rc5 37. Naxc3 Bxc3 38. Rxc3 Rxc3 39. Nxc3 Nxf3+ 40. Qxf3 Qxc3 41. Rxd5 f6 42. Rb5 Rxe3 43. Qf5 Qe1+ 44. Qf1 Qg3 0-1

[Event "RUS-chT2"]
[Site "Sochi"]
[Date "2004.04.24"]
[Round "5.4"]
[White "Shestakov, Dmitry"]
[Black "Zhukov, Vladimir"]
[Result "1-0"]
[WhiteElo "2152"]
[BlackElo "2281"]
[PlyCount "100"]
[EventDate "2004.04.20"]
[EventType "team"]
[EventRounds "9"]
[EventCountry "RUS"]
[SourceTitle "CBM 100 Extra"]
[Source "ChessBase"]
[SourceDate "2004.07.06"]
[SourceVersion "2"]
[SourceVersionDate "2004.07.06"]
[SourceQuality "1"]
[WhiteTeam "10"]
[BlackTeam "13"]
[WhiteTeamCountry "RUS"]
[BlackTeamCountry "RUS"]

1. d4 Nf6 2. Nf3 c5 3. d5 e6 4. Nc3 exd5 5. Nxd5 Nxd5 6. Qxd5 Be7 7. Bf4 Nc6 8. Rd1 Qa5+ 9. c3 d6 10. e3 Be6 11. Qe4 Qxa2 12. Bb5 0-0 13. 0-0 Qxb2 14. Bxc6 bxc6 15. Bxd6 Bxd6 16. Ng5 Rfd8 17. Qxh7+ Kf8 18. Rxd6 Rxd6 19. Qh8+ Ke7 20. Qxa8 Qb6 21. Qh8 Qd8 22. Qxg7 Rd1 23. g3 Rxf1+ 24. Kxf1 Qd1+ 25. Kg2 Bd5+ 26. e4 Bc4 27. Qe5+ Kd7 28. Qf5+ Kc7 29. h4 a5 30. Qxc5 Qf1+ 31. Kh2 a4 32. h5 Qe2 33. h6 Qh5+ 34. Kg2 Qxh6 35. Qxc4 Qxg5 36. Qxa4 Qh5 37. Qd4 Kb7 38. c4 Ka6 39. e5 Qf5 40. f4 Qc2+ 41. Kf3 Qb1 42. g4 Qh1+ 43. Kg3 Qe1+ 44. Qf2 Qc3+ 45. Kg2 Qd3 46. Qf1 Qe4+ 47. Kg3 Ka5 48. g5 Kb4 49. Kg4 Kc5 50. Qf2+ Kxc4 1-0

[Event "St Petersburg White Nights op1"]
[Site "St Petersburg"]
[Date "2002.??.??"]
[Round "9"]
[White "Abramov, Valentin"]
[Black "Zhukov, Vladimir"]
[Result "1-0"]
[WhiteElo "2183"]
[BlackElo "2302"]
[PlyCount "69"]
[EventDate "2002.??.??"]
[EventType "swiss"]
[EventRounds "9"]
[EventCountry "RUS"]
[SourceTitle "EXT 2003"]
[Source "ChessBase"]
[SourceDate "2002.11.25"]
[SourceVersion "1"]
[SourceVersionDate "2002.11.25"]
[SourceQuality "1"]

1. d4 Nf6 2. Bg5 e6 3. e4 c5 4. e5 h6 5. Bh4 g5 6. Bg3 Ne4 7. Nd2 Nxg3 8. hxg3 cxd4 9. f4 d6 10. Ngf3 Bg7 11. Nc4 dxe5 12. fxe5 Nc6 13. Bd3 g4 14. 0-0 0-0 15. Nh2 Nxe5 16. Nxe5 Bxe5 17. Nxg4 Bg7 18. Qe2 Qg5 19. Rae1 Bd7 20. Qe4 f5 21. Qxb7 Rad8 22. Ne5 Bc8 23. Qf3 Rd5 24. Qf4 Rc5 25. Nf3 Qf6 26. Qd6 Rd5 27. Qc7 Qf7 28. Qxf7+ Kxf7 29. g4 fxg4 30. Nxd4+ Kg8 31. Nxe6 Rxf1+ 32. Kxf1 Bxb2 33. Nf4 Rc5 34. Re7 a5 35. Bh7+ 1-0